Statistics for All F1 drivers 1980-89

Click here to take the quiz!

General Stats

  • This quiz has been taken 67 times
  • The average score is 44 of 115

Answer Stats

HintAnswer% Correct
1980-89Renault-MC LarenFranceAlain Prost
95%
1984-89Toleman, Lotus, Mc LarenBrazilAyrton Senna
95%
1980FerrariSouth africaJody Scheckter
93%
1980-82FerrariCanadaGilles villeneuve
90%
1981 1983Arrows, MarchCanadaJacques Villeneuve
90%
1980-89Brabham-Williams-lotusBrazilNelson Piquet
90%
1980-81 1983 1985-86Williams, Arrows, BeatriceAustraliaAlan Jones
85%
1980-86Fittipaldi, Williams, MC LarenFinlandKeke Rosberg
85%
1980-82WilliamsArgentinaCarlos Reutemann
78%
1982-85Mc LarenAustriaNiki Lauda
78%
1989BenettonItalyEmanuel Pirro
76%
1980-82Lotus, Alfa Romeo, Williams, FerrariUsaMario Andretti
76%
1981-89Lotus, Williams, FerrariUnited kingdomNigel Mansell
76%
1985SpiritCanadaAllan Berg
73%
1980FiitipaldiBrazilEmerson Fittipaldi
73%
1980-89Tyrrell-Ferrari-LarrousseItalyMichele Alboreto
73%
1980-89Renault-Ferrari-LigierFranceRené Arnoux
73%
1980-89Arrows, Brabham, Alfa Romeo, WilliamsItalyRiccardo Patrese
73%
1980EnsignSwizerlandClay Regazzoni
71%
1984-89Ats, Arrows, Benetton, FerrariAustriaGerhard Berger
71%
1980-82Ligier, FerrariFranceDidier Pironi
68%
1980-86Ligier-WilliamsFranceJacques Laffite
68%
1980-89Shadow, Spirit, Tyrrell, Toleman, Ferrari, Mc Laren, Ligier, OnyxSwedenStefan Johansson
68%
1980Alfa Romeo, Ligier, Brabham, Minardi, Rial, DallaraItalyAndrea De Cesaris
66%
1980-83 1985MC LarenUnited kingdomJohn Watson
66%
1984-89Tyrrell, Brabham, Williams, ZakspeedUnited KingdomMartin Brundle
63%
1980-81Renault, LigierFranceJean Pierre Jabouille
61%
1980-82Tyrrell, Theodore, March, WilliamsUnited kingdomDerek Daly
59%
1981-86Theodore, Ligier, Ferrari, Renault, BeatriceFrancePatrick Tambay
59%
1983-89Arrows, Benetton, WilliamsBelgiumThierry Boutsen
59%
1980-89Tyrrell, Osella, Ligier, Renault, Alfa Romeo, Beatrice, ArrowsUsaEddie Cheever
56%
1980Alfa RomeoFrancePatrick Depailler
56%
1983-84Osella, BrabhamItalyCorrado Fabi
54%
1989TyrrellFranceJean Alesi
54%
1982-87Toleman, Brabham, BenettonItalyTeo Fabi
54%
1986-89Osella, Minardi, BenettonItalyAlessandro Nannini
49%
1981-89Toleman, Renault, Brabham, ArrowsUnited kingdomDerek Warwick
49%
1980-82Arrows, MarchGermanyJochen Mass
46%
1987-89LotusJapanSaturo Nakajima
46%
1980-83 1989Alfa Romeo, Toleman, LifeItalyBruno Giacomelli
44%
1980-81BrabhamMexicoHector Rebaque
44%
1988MinardiSpainLuis Perez Sala
44%
1985-89Tyrrell, Ags, MarchItalyIvan Capelli
41%
1989Benetton, TyrrellUnited kingdomJohnny Herbert
41%
1980-85Ats, Theodore, Arrows, brabhamSwizerlandMarc Surer
41%
1984-89Toleman, MinardiItalyPierluigi Martini
41%
1980-81 1983Tyrrell, LigierFranceJean Pierre Jarier
39%
1983-89Williams, Zakspeed, TyrrellUnited kingdolJonathan Palmer
39%
1982 1987-89Lotus, AgsBrazilRoberto Moreno
39%
1983-85Mc Laren, Ats, TyrrellGermanyStefan Bellof
39%
1981-83Ensign, March, AtsChileEliseo Salazar
37%
1982-84Osella, Toleman, TheodoreVenezuelaJohnny Cecotto
37%
1988-89LarrousseJapanAguri Suzuki
34%
1989AgsGermanyJoachim Winkelhock
34%
1980-85Arrows, Ats, Brabham, RamGermanyManfred Winkelhock
34%
1988-89MarchBrazilMauricio Gugelmin
34%
1984-89Renault, Ligier, Tyrrell, AgsFrancePhilippe Streiff
34%
1982OsellaItalyRiccardo Paletti
34%
1980-81Ats, Ensign, TheodoreDutchJan Lammers
32%
1989OnyxFinlandJJ Lehto
32%
1984-89Ram, Ligier, LarrousseFrancePhilippe Alliot
32%
1986LotusUnited kingdomJohnny Dumfries
29%
1981-89Osella, Toleman, LigierItalyPiercarlo Ghinzani
29%
1981-82Ats, TyrrellSwedenSlim Borgudd
29%
1987-89Brabham, EurobrunItalyStefano Modena
29%
1980MerzarioItalyArturo Merzario
24%
1981-83Fittipaldi, Osella, ArrowsBrazilChico Serra
24%
1985-89Zakspeed, Arrows, RialGermanyChristian Danner
24%
1989LarrousseFranceEric Bernard
24%
1984-85Ligier, Brabham, RenaultFranceFrançois Hesnault
24%
1984-86Spirit, Osella, ZakspeedNetherlandsHuub Rothengatter
24%
1983 1988March, WilliamsFranceJean Louis Schlesser
24%
1987-89ColoniItalyNicola Larini
24%
1980Alfa RomeoItalyVittorio Brambilla
24%
1980 1984Tyrrell, Arrows, RamNew ZealandMike Thackwell
22%
1986-89Osella, BMS, DallaraItalyAlex Caffi
20%
1988ZakspeedGermanyBernd Schneider
20%
1989Onyx, RialBelgiqueBertrand Gachot
20%
1983TyrrellUsaDanny Sullivan
20%
1989Euro brun, RialSwizerlandGregor Foitek
20%
1982-83March, LigierBrazilRaul Boesel
20%
1980-81Brabham, TyrrellArgentinaRicardo Zunino
20%
1982-83Ensign, TheodoreColombiaRoberto Guerrero
20%
1981ArrowsItalySiegfried Stohr
20%
1982MarchSpainEmilio De Villota
17%
1989LigierFranceOlivier Grouillard
17%
1981-82Toleman, Tyrrell, ArrowsUnited KingdomBrian Henton
15%
1980ShadowIrelandDave Kennedy
15%
1984Ats, OsellaAustriaJo Gartner
15%
1983 1985March, RamUnited kingdomKenny Acheson
15%
1989ArrowsUnited kingdomMartin Donnelly
15%
1988EurobrunArgentinaOscar Larrauri
15%
1980Williams (Brands Hatch Racing)South africaDesiré Wilson
12%
1987-89OsellaItalyGabriele Tarquini
12%
1980AtsAustriaHarald Ertl
12%
1988TyrrellUnited kingdomJulian Bailey
12%
1983-85Alfa Romeo, SpiritItalyMauro Baldi
12%
1988-89Larrousse, Rial, ColoniFrancePierre Henri Raphanel
12%
1980MC larenUnited kingdomStephen South
12%
1980EnsignUnited kingdomTiff Needel
12%
1982TheodoreIrelandTommy Byrne
12%
1989Zakspeed, RialGermanyVolker Weidler
12%
1987-89Ags, LarrousseFranceYannick Dalmas
12%
1987MinardiSpainAdrian Campos
10%
1981OsellaItalyBeppe Gabbiani
10%
1987OsellaItalyFranco Forini
10%
1980-81Ram, TyrrellUsaKevin Cogan
10%
1981OsellaItalyMiguel Angel Guerra
10%
1987AgsFrancePascal Fabre
10%
1980-82Ensign, Shadow, Ram, Lotus, TheodoreUnited kingdomGeoff Lees
7%
1981AtsColombiaRicardo Londoño
7%
1981OsellaItalyGiorgio Francia
5%
1989MinardiItalyPaulo Barilla
5%
1989ColoniItalyEnrico Bertaggia
2%
1980-82Ram, MarchUnited kingdomRuppert Keagan
2%

Score Distribution

Percentile by Number Answered

Percent of People with Each Score

Your Score History

You have not taken this quiz